[Event "ODJM B 2019"]
[Site "Willingen GER"]
[Date "2019.06.12"]
[Round "5"]
[White "Ebeling, Gereon"]
[Black "Götz, Timon"]
[Result "1/2-1/2"]
[Termination "normal"]
[Board "18"]
[WhiteElo "1588"]
[BlackElo "1408"]
[PlyCount "91"]
[WhiteFideId "16223160"]
[BlackFideId "16245040"]
[EventCountry "GER"]
[EventRounds "9"]
[EventType "swiss"]
[EventDate "2019.06.08"]

1. e4 c5 2. Nf3 Nc6 3. d4 cxd4 4. Nxd4 e6 5. a3 Qc7 6. Nc3 a6 7. Be3 b5 8. Be2
Bb7 9. f3 h5 10. Qd2 Nf6 11. h3 Qg3+ 12. Kf1 h4 13. Bf4 Qg6 14. Nxc6 Bxc6 15.
Bd6 Nh5 16. Kf2 Bxd6 17. Qxd6 Qg3+ 18. Qxg3 hxg3+ 19. Ke3 g5 20. Bd3 Nf4 21.
Rag1 O-O-O 22. Ne2 e5 23. Nxg3 d5 24. exd5 Nxd5+ 25. Kf2 Nf4 26. Rd1 Kc7 27.
Be4 Bxe4 28. Nxe4 Rhg8 29. Nf6 Rg6 30. Rxd8 Kxd8 31. Rd1+ Kc8 32. Nd5 Rd6 33.
Ne7+ Kc7 34. Rxd6 Kxd6 35. Nf5+ Ke6 36. Ng3 f5 37. Ne2 Nd5 38. Nc1 f4 39. Nd3
a5 40. Nc5+ Kf5 41. Nb7 Ne3 42. Nd6+ Ke6 43. Nxb5 Nd1+ 44. Ke2 Nxb2 45. Nc3 Nc4
46. a4 1/2-1/2

[Event "ODJM B 2019"]
[Site "Willingen GER"]
[Date "2019.06.12"]
[Round "5"]
[White "Rabe, Maximilian"]
[Black "Knerr, Sebastian"]
[Result "0-1"]
[Termination "normal"]
[Board "19"]
[WhiteElo "1628"]
[BlackElo "1685"]
[PlyCount "66"]
[WhiteFideId "12982911"]
[BlackFideId "16266013"]
[EventCountry "GER"]
[EventRounds "9"]
[EventType "swiss"]
[EventDate "2019.06.08"]

1. e4 e5 2. Nf3 Nf6 3. Bc4 Nc6 4. Ng5 d5 5. exd5 Nd4 6. c3 Nf5 7. Qe2 Bd6 8. d4
O-O 9. dxe5 Bxe5 10. O-O Re8 11. Qd3 Nd6 12. Bb3 Bf5 13. Qd1 Nfe4 14. Nxe4 Nxe4
15. Bc2 Qh4 16. f4 Bd6 17. b4 a5 18. Bxe4 Rxe4 19. Nd2 Rxf4 20. Rxf4 Qxf4 21.
Nf3 Qc4 22. Qd4 Qe2 23. Bf4 axb4 24. Bxd6 cxd6 25. Qxb4 Qe3+ 26. Kh1 Bg6 27.
Re1 Qd3 28. Qxb7 Rf8 29. Qc6 Be4 30. Qxd6 Bxf3 31. gxf3 Qxf3+ 32. Kg1 Qxc3 33.
Qc6 Qxe1+ 0-1

[Event "ODJM B 2019"]
[Site "Willingen GER"]
[Date "2019.06.12"]
[Round "5"]
[White "Petrosyan, Tigran"]
[Black "Thorz, Maximilian"]
[Result "1/2-1/2"]
[Termination "normal"]
[Board "20"]
[WhiteElo "1603"]
[BlackElo "1677"]
[PlyCount "64"]
[WhiteFideId "12962783"]
[BlackFideId "16220668"]
[EventCountry "GER"]
[EventRounds "9"]
[EventType "swiss"]
[EventDate "2019.06.08"]

1. Nf3 f5 2. c4 Nf6 3. Nc3 e6 4. d4 c6 5. Bg5 d5 6. e3 Bd6 7. Rc1 O-O 8. Be2 h6
9. Bxf6 Qxf6 10. cxd5 exd5 11. O-O g5 12. h3 Be6 13. Ne1 Nd7 14. Nd3 Rae8 15.
Na4 Re7 16. Nac5 Nxc5 17. Nxc5 Bc8 18. a3 Rg7 19. Qb3 g4 20. hxg4 Qh4 21. g3
Bxg3 22. fxg3 Qxg3+ 23. Kh1 fxg4 24. Rxf8+ Kxf8 25. Rf1+ Kg8 26. e4 Qh4+ 27.
Kg2 g3 28. Rh1 Qf4 29. Qf3 Qd2 30. Qd3 Qf4 31. Qf3 Qd2 32. Qd3 Qf4 1/2-1/2

[Event "ODJM B 2019"]
[Site "Willingen GER"]
[Date "2019.06.12"]
[Round "5"]
[White "Reuter, Max"]
[Black "Brügmann, Kai"]
[Result "0-1"]
[Termination "normal"]
[Board "21"]
[WhiteElo "1545"]
[BlackElo "1555"]
[PlyCount "80"]
[WhiteFideId "16263715"]
[BlackFideId "16287460"]
[EventCountry "GER"]
[EventRounds "9"]
[EventType "swiss"]
[EventDate "2019.06.08"]

1. c4 c5 2. Nc3 Nc6 3. g3 g6 4. Bg2 Bg7 5. d3 e6 6. e4 a6 7. f4 d6 8. Nf3 Nge7
9. Be3 Nd4 10. O-O Nec6 11. Rb1 O-O 12. Kh1 Rb8 13. a3 b5 14. Bxd4 Nxd4 15.
Nxd4 Bxd4 16. Ne2 Bg7 17. b4 Qc7 18. Qb3 Qb6 19. Rfc1 Bd7 20. Nc3 Rfc8 21. bxc5
Qxc5 22. Ne2 Qe3 23. Ng1 Rb6 24. Rc2 Rbc6 25. e5 dxe5 26. Re2 Qc5 27. cxb5 Rb6
28. Qd1 Bxb5 29. Reb2 Qxa3 30. fxe5 Bxe5 31. d4 Bg7 32. Ne2 Bxe2 33. Qxe2 Rxb2
34. Rxb2 Qa1+ 35. Bf1 Bxd4 36. Ra2 Qb1 37. Rxa6 Rc1 38. Rxe6 Rxf1+ 39. Kg2 Rg1+
40. Kh3 Qf5+ 0-1

[Event "ODJM B 2019"]
[Site "Willingen GER"]
[Date "2019.06.12"]
[Round "5"]
[White "Halle, Julia"]
[Black "Diegel, Jonas"]
[Result "0-1"]
[Termination "normal"]
[Board "22"]
[WhiteElo "1634"]
[BlackElo "1787"]
[PlyCount "100"]
[WhiteFideId "24694940"]
[BlackFideId "16206061"]
[EventCountry "GER"]
[EventRounds "9"]
[EventType "swiss"]
[EventDate "2019.06.08"]

1. e4 e6 2. Nf3 d5 3. e5 c5 4. b4 cxb4 5. a3 Nc6 6. axb4 Bxb4 7. c3 Be7 8. d4
Qc7 9. Bd3 f6 10. Bf4 f5 11. Na3 a6 12. Nb5 Qd8 13. h4 Bd7 14. Nd6+ Bxd6 15.
exd6 Nf6 16. Ne5 Rc8 17. O-O O-O 18. f3 Ne8 19. Bg5 Nf6 20. g4 Be8 21. gxf5
Qxd6 22. f4 h6 23. Bxf6 Rxf6 24. Qg4 exf5 25. Bxf5 Rc7 26. Ra2 Ne7 27. Bd3 Bd7
28. f5 Bc8 29. h5 Qb6 30. Rg2 Nc6 31. Ng6 Rcf7 32. Re1 Bd7 33. Kh2 Qc7+ 34. Kh1
Qc8 35. Ne5 Nxe5 36. dxe5 Bxf5 37. Bxf5 Rxf5 38. e6 Rf1+ 39. Rxf1 Rxf1+ 40. Kh2
Qc7+ 41. Qg3 Qxg3+ 42. Kxg3 Re1 43. Kf4 Rxe6 44. Rb2 b5 45. Kf5 Kf7 46. Rd2 Re3
47. Rxd5 Rf3+ 48. Ke5 Rxc3 49. Rd7+ Kg8 50. Ke6 a5 0-1

[Event "ODJM B 2019"]
[Site "Willingen GER"]
[Date "2019.06.12"]
[Round "5"]
[White "Bilecen, Simon"]
[Black "Aumüller, Naum"]
[Result "1/2-1/2"]
[Termination "normal"]
[Board "23"]
[WhiteElo "1669"]
[BlackElo "1685"]
[PlyCount "79"]
[WhiteFideId "16225511"]
[BlackFideId "16263960"]
[EventCountry "GER"]
[EventRounds "9"]
[EventType "swiss"]
[EventDate "2019.06.08"]

1. c4 e5 2. g3 Nf6 3. Bg2 d5 4. cxd5 Nxd5 5. Nc3 Nb6 6. Nf3 Nc6 7. d3 Be7 8.
O-O Be6 9. Bd2 Qd7 10. a3 a5 11. Rc1 Bh3 12. Nb5 Bxg2 13. Kxg2 Rc8 14. Qb3 a4
15. Qc2 O-O 16. Be3 Ra8 17. Rfd1 Rfc8 18. d4 Nxd4 19. Nbxd4 exd4 20. Bxd4 Qe6
21. Rd2 Bf6 22. Rcd1 Bxd4 23. Nxd4 Qf6 24. e4 g6 25. f4 Qe7 26. Nb5 Ra5 27. Qd3
Qc5 28. Nd4 Rd8 29. Kf3 Qh5+ 30. Kg2 c5 31. Qc3 cxd4 32. Qc7 Re8 33. Qxb6 Rxe4
34. Qd8+ Kg7 35. Rf1 Re2+ 36. Rf2 Rxd2 37. Rxd2 Rd5 38. Qe8 Qf5 39. Kf3 b5 40.
Qe4 1/2-1/2

[Event "ODJM B 2019"]
[Site "Willingen GER"]
[Date "2019.06.12"]
[Round "5"]
[White "Obciety, Sandra"]
[Black "Zimmer, Luca"]
[Result "0-1"]
[Termination "normal"]
[Board "24"]
[WhiteElo "1619"]
[BlackElo "1676"]
[PlyCount "38"]
[WhiteFideId "16213157"]
[BlackFideId "12921424"]
[EventCountry "GER"]
[EventRounds "9"]
[EventType "swiss"]
[EventDate "2019.06.08"]

1. e4 e6 2. d4 d5 3. exd5 exd5 4. Nf3 Bd6 5. Bd3 Nc6 6. c3 Bg4 7. Be3 Qd7 8.
Nbd2 O-O-O 9. O-O Nge7 10. Qc2 f6 11. h3 Bf5 12. Nb3 Bxh3 13. gxh3 Qxh3 14.
Nbd2 g5 15. Rfd1 g4 16. Bf5+ Nxf5 17. Qxf5+ Kb8 18. Ne1 Ne7 19. Qxf6 Bh2+ 0-1

[Event "ODJM B 2019"]
[Site "Willingen GER"]
[Date "2019.06.12"]
[Round "5"]
[White "Grunert, Wilhelm"]
[Black "Rempe, Janne"]
[Result "0-1"]
[Termination "normal"]
[Board "25"]
[WhiteElo "1749"]
[BlackElo "1720"]
[PlyCount "58"]
[WhiteFideId "12995673"]
[BlackFideId "16202392"]
[EventCountry "GER"]
[EventRounds "9"]
[EventType "swiss"]
[EventDate "2019.06.08"]

1. e4 d6 2. d4 Nf6 3. Nc3 Nbd7 4. Be3 e5 5. f3 Be7 6. Qd2 c6 7. O-O-O O-O 8. g4
b5 9. Nge2 a5 10. Ng3 Nb6 11. g5 Nfd7 12. h4 b4 13. Nb1 d5 14. Nf5 exd4 15.
Qxd4 f6 16. Rg1 c5 17. Qd2 Ne5 18. Qg2 Bxf5 19. gxf6 Bxf6 20. exf5 Nec4 21. Rd3
Bxb2+ 22. Kd1 Nxe3+ 23. Rxe3 Bd4 24. c3 bxc3 25. Nxc3 Rf7 26. f6 Qxf6 27. f4
Bxe3 28. Nxd5 Qd4+ 29. Kc2 Nxd5 0-1

[Event "ODJM B 2019"]
[Site "Willingen GER"]
[Date "2019.06.12"]
[Round "5"]
[White "Winterberg, Johanna"]
[Black "Kovac, Linda"]
[Result "0-1"]
[Termination "normal"]
[Board "26"]
[WhiteElo "1742"]
[BlackElo "1718"]
[PlyCount "52"]
[WhiteFideId "12929344"]
[BlackFideId "12938815"]
[EventCountry "GER"]
[EventRounds "9"]
[EventType "swiss"]
[EventDate "2019.06.08"]

1. e4 c5 2. Nf3 Nc6 3. d4 cxd4 4. Nxd4 a6 5. c3 Qc7 6. Be3 g6 7. Nxc6 dxc6 8.
Bd4 e5 9. Be3 Bg7 10. Bd3 Nf6 11. O-O Nh5 12. Nd2 O-O 13. c4 c5 14. a3 Rd8 15.
Be2 Nf4 16. b4 b6 17. g3 Bh3 18. Re1 Ng2 19. g4 Qc8 20. f3 Nxe3 21. Qc1 Ng2 22.
Rd1 Nf4 23. Kf2 Bf6 24. Rg1 Bh4+ 25. Ke3 Ng2+ 26. Rxg2 Bxg2 0-1

[Event "ODJM B 2019"]
[Site "Willingen GER"]
[Date "2019.06.12"]
[Round "5"]
[White "Sperling, Niclas"]
[Black "Peglau, Sarah"]
[Result "1/2-1/2"]
[Termination "normal"]
[Board "27"]
[WhiteElo "1720"]
[BlackElo "1471"]
[PlyCount "86"]
[WhiteFideId "16204000"]
[BlackFideId "16219961"]
[EventCountry "GER"]
[EventRounds "9"]
[EventType "swiss"]
[EventDate "2019.06.08"]

1. e4 e6 2. d4 d5 3. exd5 exd5 4. Bd3 Bd6 5. Nf3 Ne7 6. O-O O-O 7. Re1 Nd7 8.
Nbd2 Nf6 9. c4 c6 10. c5 Bc7 11. Nf1 Re8 12. Bg5 Ng6 13. Qc2 Bg4 14. Rxe8+ Qxe8
15. Re1 Qc8 16. Nh4 Nh5 17. Nxg6 hxg6 18. Ne3 Nf4 19. Bxf4 Bxf4 20. Nxg4 Qxg4
21. Be2 Qg5 22. Bf3 Kf8 23. Qb3 Rb8 24. g3 Bc7 25. Qe3 Qd8 26. b4 Qd7 27. Bg4
f5 28. Bh3 Bd8 29. Qf4 Qc7 30. Qxc7 Bxc7 31. a4 Bd8 32. Kf1 Bf6 33. Rd1 Re8 34.
Bg2 a6 35. b5 axb5 36. axb5 Kf7 37. b6 Re7 38. Bf3 Re8 39. Rd2 Ra8 40. Bd1 Ra3
41. Ke2 Ke6 42. Rd3 Ra2+ 43. Ke3 Bg5+ 1/2-1/2

[Event "ODJM B 2019"]
[Site "Willingen GER"]
[Date "2019.06.12"]
[Round "5"]
[White "Hövert, Kai"]
[Black "Fricke, Janek Konrad"]
[Result "1/2-1/2"]
[Termination "normal"]
[Board "28"]
[WhiteElo "1536"]
[BlackElo "1561"]
[PlyCount "59"]
[WhiteFideId "16266056"]
[BlackFideId "12997471"]
[EventCountry "GER"]
[EventRounds "9"]
[EventType "swiss"]
[EventDate "2019.06.08"]

1. e4 c5 2. Nf3 d6 3. Bb5+ Bd7 4. Bxd7+ Nxd7 5. c3 Ngf6 6. Qe2 e6 7. O-O Be7 8.
Re1 O-O 9. d3 Qc7 10. h3 Rad8 11. d4 d5 12. Nbd2 dxe4 13. Nxe4 Nxe4 14. Qxe4
Nf6 15. Bf4 Nxe4 16. Bxc7 Rd7 17. Bf4 Nf6 18. Rad1 Rfd8 19. Rd2 cxd4 20. Rxd4
Bc5 21. Rxd7 Rxd7 22. Kf1 Nd5 23. Ne5 Rd8 24. Bh2 Nf6 25. Nc4 b5 26. Na5 Rd2
27. Re2 Rd1+ 28. Re1 Rd2 29. Re2 Rd1+ 30. Re1 1/2-1/2

[Event "ODJM B 2019"]
[Site "Willingen GER"]
[Date "2019.06.12"]
[Round "5"]
[White "Ebeling, Leander"]
[Black "Schilay, Maria"]
[Result "1-0"]
[Termination "normal"]
[Board "29"]
[WhiteElo "1694"]
[BlackElo "1415"]
[PlyCount "143"]
[WhiteFideId "16223179"]
[BlackFideId "12942979"]
[EventCountry "GER"]
[EventRounds "9"]
[EventType "swiss"]
[EventDate "2019.06.08"]

1. e4 e5 2. Nf3 Nc6 3. Bc4 Nf6 4. O-O Be7 5. Re1 O-O 6. c3 d6 7. h3 Re8 8. Ng5
Rf8 9. d4 h6 10. Nf3 b6 11. Nbd2 Bb7 12. Nf1 exd4 13. cxd4 d5 14. exd5 Nxd5 15.
Ng3 Qd7 16. Bb5 Qd6 17. Nf5 Qf6 18. Qd3 Rad8 19. Bxc6 Bxc6 20. Ne5 Rfe8 21. Ng4
Qg6 22. Ne5 Qf6 23. Nxc6 Qxc6 24. Qg3 Qg6 25. Qxg6 fxg6 26. Nxe7+ Rxe7 27. Rxe7
Nxe7 28. Be3 Nf5 29. Kf1 Nxd4 30. Rc1 c5 31. b4 cxb4 32. Rc7 Nb5 33. Rc4 Rd1+
34. Ke2 Ra1 35. Rxb4 Rxa2+ 36. Kf3 Nc7 37. Rc4 Nd5 38. Bd4 Ra5 39. Rc8+ Kf7 40.
Ke4 Nf6+ 41. Kf4 Ra4 42. Ke5 Ra5+ 43. Kf4 Rd5 44. Bb2 Rd7 45. Ba3 Rb7 46. Ke5
Ne8 47. g4 b5 48. Bb4 Rb6 49. f4 Re6+ 50. Kd5 a6 51. g5 hxg5 52. fxg5 Re3 53.
Rb8 Rxh3 54. Rb7+ Kg8 55. Re7 Rd3+ 56. Kc6 Rd8 57. Ba5 Rb8 58. Kd7 b4 59. Rxe8+
Rxe8 60. Kxe8 b3 61. Bc3 a5 62. Bb2 a4 63. Ke7 Kh8 64. Kf8 Kh7 65. Kf7 Kh8 66.
Kxg6 Kg8 67. Ba3 Kh8 68. Kf7 Kh7 69. g6+ Kh6 70. Bc1+ Kh5 71. Kxg7 Kg4 72. Kf6
1-0

[Event "ODJM B 2019"]
[Site "Willingen GER"]
[Date "2019.06.12"]
[Round "5"]
[White "Hoppe, Nico"]
[Black "Reuter, Marek"]
[Result "1/2-1/2"]
[Termination "normal"]
[Board "30"]
[WhiteElo "1692"]
[BlackElo "1553"]
[PlyCount "52"]
[WhiteFideId "16225520"]
[BlackFideId "16226712"]
[EventCountry "GER"]
[EventRounds "9"]
[EventType "swiss"]
[EventDate "2019.06.08"]

1. Nf3 Nc6 2. e4 e5 3. Bc4 Nf6 4. d3 Be7 5. O-O d6 6. c3 h6 7. Re1 Be6 8. Bb3
Qd7 9. Nbd2 g5 10. Nf1 O-O-O 11. Bxe6 fxe6 12. a4 g4 13. Nh4 Rdg8 14. g3 Nh7
15. Ng2 Nf8 16. b4 Bd8 17. Be3 Qf7 18. a5 a6 19. b5 Nb8 20. Qb3 axb5 21. Qxb5
Qd7 22. Qb3 Na6 23. Nd2 h5 24. Nc4 h4 25. Reb1 Qc6 26. Rb2 Nd7 1/2-1/2

[Event "ODJM B 2019"]
[Site "Willingen GER"]
[Date "2019.06.12"]
[Round "5"]
[White "Schulze, Lukas"]
[Black "Scheidt, Mike Niklas"]
[Result "1/2-1/2"]
[Termination "normal"]
[Board "31"]
[WhiteElo "1643"]
[BlackElo "1557"]
[PlyCount "58"]
[WhiteFideId "12956856"]
[BlackFideId "12965235"]
[EventCountry "GER"]
[EventRounds "9"]
[EventType "swiss"]
[EventDate "2019.06.08"]

1. Nf3 d5 2. c4 dxc4 3. Qa4+ Nc6 4. Qxc4 Nf6 5. g3 e5 6. Bg2 Bd6 7. Ng5 O-O 8.
Bxc6 bxc6 9. Qxc6 Rb8 10. O-O Bb7 11. Qc2 h6 12. Nf3 Qd7 13. d3 e4 14. dxe4
Bxe4 15. Qd1 Qh3 16. Nbd2 Bc6 17. b3 g5 18. Qc2 Ba8 19. Bb2 Nh5 20. e4 Rfe8 21.
Qc3 f6 22. Ne1 Bb4 23. Qc4+ Kh8 24. Nef3 g4 25. Ne5 fxe5 26. Qxc7 Bxd2 27.
Bxe5+ Kg8 28. Qc4+ Kf8 29. Bd6+ Kg7 1/2-1/2

[Event "ODJM B 2019"]
[Site "Willingen GER"]
[Date "2019.06.12"]
[Round "5"]
[White "Reyher, Susan"]
[Black "Kuschminder, Paul"]
[Result "1-0"]
[Termination "normal"]
[Board "32"]
[WhiteElo "1714"]
[BlackElo "1495"]
[PlyCount "129"]
[WhiteFideId "24686107"]
[BlackFideId "16252551"]
[EventCountry "GER"]
[EventRounds "9"]
[EventType "swiss"]
[EventDate "2019.06.08"]

1. e4 c5 2. Nf3 Nc6 3. d4 cxd4 4. Nxd4 g6 5. Nc3 Bg7 6. Be3 Nf6 7. Bc4 O-O 8.
f3 Qb6 9. Bb3 Nxe4 10. Nd5 Qa5+ 11. c3 Nc5 12. Nxc6 dxc6 13. Nxe7+ Kh8 14. Nxc8
Raxc8 15. O-O Rcd8 16. Qc2 Rfe8 17. Bf2 f5 18. Bc4 Qa4 19. b3 Qa3 20. Bf7 Re7
21. Bh4 Rxf7 22. Bxd8 Ne6 23. Bh4 Nf4 24. Rae1 Qf8 25. Bf2 a6 26. Qd2 Nd5 27.
c4 Nf6 28. Re6 Qc8 29. Rfe1 Ne4 30. fxe4 Qxe6 31. exf5 Qxf5 32. Bd4 Kg8 33.
Bxg7 Kxg7 34. Qd4+ Qf6 35. Qxf6+ Rxf6 36. a3 Rf7 37. b4 Kf8 38. Re3 Kg7 39. g3
Kf8 40. Kg2 Kg7 41. a4 Kf8 42. a5 Kg7 43. Re4 Rf5 44. g4 Rf7 45. Kg3 h6 46. Re5
Kh7 47. b5 axb5 48. cxb5 cxb5 49. Rxb5 Kg7 50. h4 Kh7 51. Rb4 Kg7 52. Rf4 Rf6
53. Rb4 Rf7 54. Rb5 Kh7 55. g5 h5 56. Rb4 Kg7 57. Rb6 Kh7 58. Rf6 Kg7 59. Rxf7+
Kxf7 60. Kf4 Ke6 61. Ke4 Kd6 62. Kd4 Ke6 63. Kc5 Kd7 64. Kd5 Ke7 65. Ke5 1-0

[Event "ODJM B 2019"]
[Site "Willingen GER"]
[Date "2019.06.12"]
[Round "5"]
[White "Cheredzhiyska, Iva"]
[Black "Bräutigam, Alexander"]
[Result "1/2-1/2"]
[Termination "normal"]
[Board "33"]
[WhiteElo "1581"]
[BlackElo "1396"]
[PlyCount "139"]
[WhiteFideId "16241622"]
[BlackFideId "16245210"]
[EventCountry "GER"]
[EventRounds "9"]
[EventType "swiss"]
[EventDate "2019.06.08"]

1. e4 c5 2. Nc3 Nc6 3. f4 d6 4. Bb5 Bd7 5. Nf3 a6 6. Bxc6 Bxc6 7. d3 g6 8. O-O
Bg7 9. Qe1 Nf6 10. Kh1 e6 11. f5 O-O 12. fxe6 fxe6 13. e5 dxe5 14. Nxe5 Bd5 15.
Bg5 Qd6 16. Qe3 Rac8 17. Bf4 Qb6 18. Rab1 Bc6 19. Nc4 Qd8 20. Qxe6+ Kh8 21. Nd6
Rc7 22. Nc4 Re7 23. Qd6 Nd5 24. Nxd5 Bxd5 25. Qxd8 Rxd8 26. Bg5 Re2 27. Rg1
Rde8 28. Rbe1 Rf2 29. Ne3 Bxg2+ 30. Nxg2 Rxg2 31. Rxg2 Rxe1+ 32. Rg1 Rxg1+ 33.
Kxg1 Bxb2 34. Be7 Bd4+ 35. Kg2 Kg7 36. c3 Bxc3 37. Bxc5 Kf6 38. Kf3 Be5 39. h3
Kf5 40. Be3 g5 41. Bf2 h5 42. Be3 g4+ 43. hxg4+ hxg4+ 44. Kg2 Bf4 45. Bd4 Bd2
46. Bg7 Be1 47. Kf1 Bh4 48. Bd4 Kf4 49. Kg2 Be7 50. Bb6 Bb4 51. Kf2 Bc3 52. Kg2
Bd2 53. Kf2 g3+ 54. Kg2 Kg4 55. Bc7 Bf4 56. Bb6 Bd2 57. Bc7 Be1 58. d4 Kf5 59.
d5 b5 60. Bxg3 Bxg3 61. Kxg3 Ke5 62. Kf3 Kxd5 63. Ke3 Kc4 64. Kd2 a5 65. Kc2 b4
66. Kb2 a4 67. Kc2 b3+ 68. axb3+ axb3+ 69. Kb2 Kb4 70. Kb1 1/2-1/2

[Event "ODJM B 2019"]
[Site "Willingen GER"]
[Date "2019.06.12"]
[Round "5"]
[White "Unbehend, Marius"]
[Black "Chromey, Tamir"]
[Result "1/2-1/2"]
[Termination "normal"]
[Board "34"]
[WhiteElo "1395"]
[BlackElo "1627"]
[PlyCount "42"]
[WhiteFideId "16214420"]
[BlackFideId "16287479"]
[EventCountry "GER"]
[EventRounds "9"]
[EventType "swiss"]
[EventDate "2019.06.08"]

1. e4 e6 2. d4 d5 3. Nd2 dxe4 4. Nxe4 Nd7 5. Nf3 Ngf6 6. Bd3 b6 7. Qe2 Be7 8.
Bf4 Bb7 9. c3 O-O 10. h4 c5 11. Nxf6+ Nxf6 12. Be5 cxd4 13. Bxd4 h6 14. O-O-O
Qc8 15. Rhg1 Qc6 16. Ne5 Qc7 17. g4 Nd5 18. g5 Nf4 19. Qe3 Nxd3+ 20. Qxd3 h5
21. Qe2 g6 1/2-1/2

[Event "ODJM B 2019"]
[Site "Willingen GER"]
[Date "2019.06.12"]
[Round "5"]
[White "Bardorz, Stefan"]
[Black "Linnemann, Caspar"]
[Result "1/2-1/2"]
[Termination "normal"]
[Board "35"]
[WhiteElo "1646"]
[BlackElo "1239"]
[PlyCount "67"]
[WhiteFideId "16245474"]
[BlackFideId "16200284"]
[EventCountry "GER"]
[EventRounds "9"]
[EventType "swiss"]
[EventDate "2019.06.08"]

1. e4 c5 2. Nc3 Nc6 3. g3 g6 4. Bg2 Bg7 5. d3 e6 6. f4 d6 7. Nf3 Nge7 8. O-O
O-O 9. a3 Rb8 10. Rb1 b5 11. h3 a5 12. g4 f5 13. g5 b4 14. axb4 axb4 15. Ne2
Bb7 16. h4 e5 17. Nd2 d5 18. exd5 Nxd5 19. Nc4 Re8 20. Bxd5+ Qxd5 21. Nb6 Qd8
22. Nc4 Nd4 23. Nxd4 exd4 24. Qd2 Qd5 25. Qh2 Re7 26. Bd2 Rbe8 27. Rbe1 Re2 28.
Rxe2 Rxe2 29. Rf2 Rxf2 30. Kxf2 Qf3+ 31. Ke1 Bf8 32. Ne5 Qd5 33. b3 Bd6 34. Nc4
1/2-1/2

[Event "ODJM B 2019"]
[Site "Willingen GER"]
[Date "2019.06.12"]
[Round "5"]
[White "Feidt, Jonas"]
[Black "Maul, Maik Joel"]
[Result "0-1"]
[Termination "normal"]
[Board "36"]
[WhiteElo "1622"]
[BlackElo "1590"]
[PlyCount "48"]
[WhiteFideId "16243617"]
[BlackFideId "16204816"]
[EventCountry "GER"]
[EventRounds "9"]
[EventType "swiss"]
[EventDate "2019.06.08"]

1. c4 e5 2. g3 Nc6 3. Nc3 d6 4. Bg2 Be6 5. d3 Qd7 6. Rb1 Nge7 7. e4 Ng6 8. b4
Be7 9. Be3 O-O 10. Nge2 f5 11. exf5 Bxf5 12. b5 Nd8 13. O-O Bh3 14. Nd5 Bxg2
15. Kxg2 Ne6 16. Nec3 c6 17. bxc6 bxc6 18. Nxe7+ Nxe7 19. d4 exd4 20. Bxd4 Ng5
21. f4 Qh3+ 22. Kg1 Ne6 23. Ne4 Nf5 24. Bf2 Nh4 0-1

[Event "ODJM B 2019"]
[Site "Willingen GER"]
[Date "2019.06.12"]
[Round "5"]
[White "Diegel, Yannick"]
[Black "de Veer, Mara"]
[Result "0-1"]
[Termination "normal"]
[Board "37"]
[WhiteElo "1411"]
[BlackElo "1379"]
[PlyCount "58"]
[WhiteFideId "16222563"]
[BlackFideId "16217349"]
[EventCountry "GER"]
[EventRounds "9"]
[EventType "swiss"]
[EventDate "2019.06.08"]

1. c4 e6 2. Nc3 d5 3. d4 c5 4. cxd5 exd5 5. dxc5 d4 6. Nb5 Qa5+ 7. Qd2 Qxb5 8.
Qxd4 Qxc5 9. Qe4+ Be7 10. Bd2 Nf6 11. Qd3 O-O 12. Rc1 Qd6 13. Qxd6 Bxd6 14. g3
Nc6 15. Bg2 Bb4 16. Bxb4 Nxb4 17. a3 Nc6 18. Nf3 Re8 19. e3 Ne5 20. Nxe5 Rxe5
21. O-O Be6 22. Bxb7 Rb8 23. Rfd1 g6 24. Bg2 Rxb2 25. Rd8+ Kg7 26. a4 Ng4 27.
Rf1 Rc5 28. Bh3 Rcc2 29. Bxg4 Bxg4 0-1

[Event "ODJM B 2019"]
[Site "Willingen GER"]
[Date "2019.06.12"]
[Round "5"]
[White "Puls, Luisa"]
[Black "Lau, Theodor"]
[Result "1-0"]
[Termination "normal"]
[Board "38"]
[WhiteElo "1465"]
[BlackElo "1670"]
[PlyCount "33"]
[WhiteFideId "16266005"]
[BlackFideId "12946524"]
[EventCountry "GER"]
[EventRounds "9"]
[EventType "swiss"]
[EventDate "2019.06.08"]

1. e4 c5 2. Nf3 Nc6 3. d4 cxd4 4. Nxd4 g6 5. c4 Bg7 6. Be3 Nf6 7. Nc3 d6 8. Be2
Bd7 9. O-O a6 10. Nc2 Rc8 11. Qd2 Ne5 12. b3 O-O 13. f3 Qc7 14. Nb4 Bc6 15.
Rac1 Ned7 16. Nbd5 Nxd5 17. cxd5 1-0

[Event "ODJM B 2019"]
[Site "Willingen GER"]
[Date "2019.06.12"]
[Round "5"]
[White "Niemann, Leon Pascal"]
[Black "Seliokaite, Ana"]
[Result "1-0"]
[Termination "normal"]
[Board "39"]
[WhiteElo "1702"]
[BlackElo "1464"]
[PlyCount "51"]
[WhiteFideId "16218388"]
[BlackFideId "16224817"]
[EventCountry "GER"]
[EventRounds "9"]
[EventType "swiss"]
[EventDate "2019.06.08"]

1. e4 c5 2. Nf3 Nc6 3. d4 cxd4 4. Nxd4 g6 5. Nc3 Bg7 6. Be3 Nf6 7. f3 O-O 8.
Bc4 Qa5 9. O-O d6 10. Bb3 Bd7 11. Qd2 Rac8 12. Rad1 a6 13. Nxc6 Bxc6 14. Rfe1
Qc7 15. Bh6 Nd7 16. Kh1 Rcd8 17. Bxg7 Kxg7 18. a3 Nc5 19. Ba2 Rd7 20. Qd4+ f6
21. f4 e5 22. fxe5 fxe5 23. Qe3 Rf4 24. Bd5 Bxd5 25. Nxd5 Qc6 26. Nxf4 1-0

[Event "ODJM B 2019"]
[Site "Willingen GER"]
[Date "2019.06.12"]
[Round "5"]
[White "Ewerhardy, Moritz"]
[Black "von Jan, Lena"]
[Result "1/2-1/2"]
[Termination "normal"]
[Board "40"]
[WhiteElo "1654"]
[BlackElo "1512"]
[PlyCount "54"]
[WhiteFideId "36052086"]
[BlackFideId "12946060"]
[EventCountry "GER"]
[EventRounds "9"]
[EventType "swiss"]
[EventDate "2019.06.08"]

1. d4 d5 2. c4 c6 3. Nc3 Nf6 4. Bf4 Bf5 5. e3 e6 6. Nf3 Be7 7. cxd5 cxd5 8. Rc1
O-O 9. h3 h6 10. Bd3 Bxd3 11. Qxd3 Nc6 12. a3 Na5 13. Nd2 Rc8 14. O-O Qb6 15.
Na4 Qd8 16. b4 Nc6 17. Qb5 Qd7 18. Kh1 a6 19. Qd3 Nxb4 20. Qb3 Rxc1 21. Rxc1
Nc6 22. Nc5 Bxc5 23. Rxc5 Ra8 24. Nf3 Ne4 25. Rc2 f6 26. Kg1 Na5 27. Qd3 b5
1/2-1/2

[Event "ODJM B 2019"]
[Site "Willingen GER"]
[Date "2019.06.12"]
[Round "5"]
[White "Glöckl, Simon"]
[Black "Rohde, Ragnar"]
[Result "1-0"]
[Termination "normal"]
[Board "41"]
[WhiteElo "1586"]
[BlackElo "1501"]
[PlyCount "65"]
[WhiteFideId "16266072"]
[BlackFideId "16287495"]
[EventCountry "GER"]
[EventRounds "9"]
[EventType "swiss"]
[EventDate "2019.06.08"]

1. e4 c5 2. Nf3 Nc6 3. d4 cxd4 4. Nxd4 d6 5. Nc3 Nf6 6. Be3 e6 7. f3 Bd7 8. Qd2
Nxd4 9. Bxd4 Bc6 10. O-O-O Be7 11. Kb1 Qc7 12. g4 e5 13. Be3 a6 14. h4 h5 15.
g5 Nd7 16. Rg1 g6 17. f4 exf4 18. Bxf4 Ne5 19. Be2 b5 20. Nd5 Bxd5 21. exd5 Rc8
22. Bxe5 dxe5 23. d6 Bxd6 24. Qxd6 Qxc2+ 25. Ka1 Qc7 26. Rge1 Qxd6 27. Rxd6 Ke7
28. Rxa6 Rc5 29. Kb1 Rd8 30. Rd1 Rdc8 31. Ra7+ Kf8 32. Rad7 Kg7 33. R7d5 1-0